LEADER 01017nam0-22003011i-450- 001 990001612560403321 005 20071010135533.0 035 $a000161256 035 $aFED01000161256 035 $a(Aleph)000161256FED01 035 $a000161256 100 $a20030910d1913----km-y0itay50------ba 101 0 $aita 102 $aIT 200 1 $aEsposizione finanziaria del Ministro del Tesoro Francesco Tedesco fatta alla Camera dei Deputati nella tornata del 20 dicembre 1913$fMinistero del Tesoro 210 $aRoma$cTip. Bertero$d1913 215 $a176 p.$d30 cm 610 0 $aFinanza pubblica 676 $a336 702 1$aTedesco,$bFrancesco 710 01$aItalia.$bMinistero del tesoro$068662 801 0$aIT$bUNINA$gRICA$2UNIMARC 901 $aBK 912 $a990001612560403321 952 $a60 336 A 3$b2132$fFAGBC 959 $aFAGBC 996 $aEsposizione finanziaria del Ministro del Tesoro Francesco Tedesco fatta alla Camera dei Deputati nella tornata del 20 dicembre 1913$9369256 997 $aUNINA LEADER 01091nam0-22003611i-450 001 990002005050403321 005 20250401174218.0 035 $a000200505 035 $aFED01000200505 035 $a(Aleph)000200505FED01 100 $a20030910g18971932km-y0itay50------ba 101 0 $afre 102 $aFR 105 $ay---a---001yy 200 1 $aTraité de zoologie$fEdmond Perrier 210 $aParigi$cMasson$d1897-1932 215 $a4 v.(diviso in 10 parti)$d25 cm 327 $a4.: Vers (suite) - Mollusques - Tuniciers$a5.: Amphioxus, tuniciers$a6.: Poissons 610 0 $aZoologia$aTrattati 676 $a590.7 700 1$aPerrier,$bEdmond$f<1844-1921>$084678 801 0$aIT$bUNINA$gRICA$2UNIMARC 901 $aBK 912 $a990002005050403321 952 $a61 II A.4/008-11$b805$fDAGEN 952 $aA BOT 813-3$b03/2451/25$fFAGBC 952 $aA BOT 813-4$b03/2452/25$fFAGBC 952 $aA BOT 813-5$b03/2599/25$fFAGBC 952 $aA BOT 813-6$b03/2600/25$fFAGBC 959 $aDAGEN 959 $aFAGBC 996 $aTraité de zoologie$9402948 997 $aUNINA